| 000 | 01675nam a2200241 4500 | ||
|---|---|---|---|
| 001 | 0000000518 | ||
| 005 | 20250329165509.0 | ||
| 008 | 170718s2023 000 0 eng d | ||
| 040 |
_aCO-CtgCURN _bspa _ccoctgcurn |
||
| 082 | 0 |
_aTSI 2023 _bB562 |
|
| 100 | 1 | _aBetancourt Espriella, Santiago. | |
| 245 | 1 | 0 |
_aAnalisis, diseño y desarrollo de una app movil para la gestion y venta de productos(app movil) / _cSantiago Betancourt Espriella; Hely Andrés Ardila Correa; Asesor: Breiner Manuel Cervantes Morales. |
| 260 |
_aCartagena de Indias : _bCorporación Universitaria Rafael Nuñez, _c2023. |
||
| 300 | _a46 hojas. | ||
| 504 | _aTrabajo de grado (Tecnologo en sistemas de información y software). Corporación Universitaria Rafael Nuñez. Facultad de ingenieria de sistema. Tecnologia en sistema de información y software, 2023. | ||
| 520 | _a"En el contexto empresarial colombiano, la gestión eficiente de la venta de productos es esencial para el éxito y la competitividad de las organizaciones. Sin embargo, muchas empresas en Colombia enfrentan desafíos significativos en la gestión de sus procesos de ventas, lo que limita su capacidad para alcanzar sus objetivos de negocio." | ||
| 650 | 0 |
_aSistemas de información y software _xTesis y disertaciones academicas. |
|
| 700 | 1 | _aArdila Correa, Hely Andrés . | |
| 700 | 1 |
_aCervantes Morales, Breiner Manuel, _easesor. |
|
| 856 |
_uhttps://unicurn.sharepoint.com/:b:/s/biblioteca/EVVczELl8qtKii33eXhOL9sBy0Ty2xzRxZKfZefqLnGNIQ?e=s2cHW4 _zClick aqui para ver el recurso en texto completo |
||
| 942 |
_hTSI 2023 _iB562 _2ddc _cTG |
||
| 999 |
_c5973 _d5973 |
||